00533nam a2200181Ia 4500001001000000003000500010008004100015010001100056040000900067082002000076100001900096245006000115260004600175300001100221650005200232650002700284650004000311Para_7468CHAP220125s1980 xx 000 0 und d a206356 cCHAP aPA 632.40913 H6 aHolliday, Paul aFungus diseases of tropical crops /c by Paul Holliday aCambrigge :b Cambrigge University Press a607 p. aCultivos tropicales x enfermedades por hongos  aHongos fitopatógenos aPlantas x enfermedades por hongos